| 000 | 00695nam a22002417a 4500 | ||
|---|---|---|---|
| 001 | 3461 | ||
| 003 | FISKH | ||
| 005 | 20240307115737.0 | ||
| 008 | 240307b cb ||||| |||| 00| 0 eng d | ||
| 040 |
_aFISK _beng _cFISK _dFISK |
||
| 050 | _aPZ7.G3626 | ||
| 082 | _a511 | ||
| 100 |
_aReilly Giff Patricia _d1935-2021 |
||
| 245 |
_aSay "cheese" / _cPatricia Reilly Giff |
||
| 260 |
_aNew York : _bDell Publishing, _c1985 |
||
| 300 |
_a79 pages : _c20 cm |
||
| 505 | _aK | ||
| 520 | _aAt the close of the school year, Emily thinks about the fun she has had with her classmates. | ||
| 521 | 8 |
_a450 _bLexile |
|
| 700 | _aPatricia Reilly Giff | ||
| 942 |
_2ddc _cBK _n0 |
||
| 999 |
_c3461 _d3461 |
||